000 00982nas a2200277 4500
001 BR7306708
003 BR-BrBNA
005 20231205082621.0
007 ta
008 230509b bl.|||p| |||| 00| 00por d
040 _aBR-BrBNA
_bpor
_cBiblioteca Nacional de Agricultura
041 _a(Pt)
072 _aF00; F10; F60
100 1 _aBenincasa, M.M.
100 1 _aBenincasa, M.
100 1 _aSantos, J.M. dos
111 1 _aEncontro Regional da Sociedade Brasileira para o Progresso da Ciencia
_cJaboticabal, SP (Brazil)
_d6 May 1974
245 1 _aEfeito da densidade de plantio sobre a eficiencia fotossintetica de Phaseolus vulgaris (L.)sob duas condicoes de radiacao solar
_bNota previa
650 _aDENSIDADE DE PLANTIO
650 _aRADIACAO SOLAR
650 _aFOTOSSINTESE
650 _aFEIJAO
773 0 _tCiencia e Cultura (Brazil)
_xISSN 0009-6725
_g(Oct 1975), v. 27(10) p. 1151
_wBR7306708
909 _a202311
_bLúcia
_c55
_dLúcia Elande
942 _2AGRIS
_n0
_cANA
999 _c93263
_d93263